Doing business in Latin America (Record no. 901)

MARC details
000 -CABECERA
campo de control de longitud fija 03041nam a2200409Ia 4500
001 - NÚMERO DE CONTROL
campo de control 2181
008 - DATOS DE LONGITUD FIJA--INFORMACIÓN GENERAL
campo de control de longitud fija 230305s2014 xx 000 0 und d
020 ## - NÚMERO INTERNACIONAL ESTÁNDAR DEL LIBRO
Número Internacional Estándar del Libro 9780415895996
041 ## - CÓDIGO DE LENGUA
Código de lengua del texto/banda sonora o título independiente eng
245 #0 - MENCIÓN DE TÍTULO
Título Doing business in Latin America
260 ## - PUBLICACIÓN, DISTRIBUCIÓN, ETC.
Lugar de publicación, distribución, etc.
Nombre del editor, distribuidor, etc. Routledge,
Fecha de publicación, distribución, etc. 2014
300 ## - DESCRIPCIÓN FÍSICA
Extensión xvi, 296 pages ; 25 cm.
500 ## - NOTA GENERAL
Nota general challenges and opportunities
505 ## - NOTA DE CONTENIDO CON FORMATO
Nota de contenido con formato 1. Introduction
Mención de responsabilidad 2. Current Business Environment --
-- 3. Historical Perspective on Doing Business in LA --
-- 4. Cultural Issues Affecting Business Activity in LA --
-- 5. The Impact of Technology on Business in LA --
-- 6. Regional Political Factors Affecting Business Ventures --
-- 7. What is The Economic Climate in Latin America? --
-- 8. Establishing Businesses In Latin America --
-- 9. The Marketing Process --
-- 10. The Marketing Mix -Global Marketing --
-- 11. Conclusions and The Future--
520 ## - SUMARIO, ETC.
Sumario, etc. Success in today's globalized business environment requires deep knowledge of varied areas, and the willingness to engage in commerce not just across geographic areas, but cross-culturally and environmentally as well. Doing Business in Latin America offers an in-depth look at a complex region, integrating practitioners' and scholars' ideas to examine business conducted in Latin America through the lens of international business and globalization. ; ; The book introduces, discusses, and explains in detail the historical, economic, cultural, political, and technological impacts of globalization and business conduct in Latin American countries. It also considers the contemporary business environment of the area, looking at how current country and regional factors have affected the process of starting and operating businesses. Finally, it looks forward to the emerging trends that portend the future of business in these countries. ; ; With its combination of contemporary analysis and historical discussion, this book is a vital tool to all scholars and practitioners with an interest in the opportunities offered by the current Latin American business environment.
650 #0 - PUNTO DE ACCESO ADICIONAL DE MATERIA--TÉRMINO DE MATERIA
Término de materia o nombre geográfico como elemento de entrada New business enterprises
Subdivisión geográfica Latin America
9 (RLIN) 5310
650 #0 - PUNTO DE ACCESO ADICIONAL DE MATERIA--TÉRMINO DE MATERIA
Término de materia o nombre geográfico como elemento de entrada Corporate culture
Subdivisión geográfica United States
9 (RLIN) 5311
650 #0 - PUNTO DE ACCESO ADICIONAL DE MATERIA--TÉRMINO DE MATERIA
Término de materia o nombre geográfico como elemento de entrada Marketing
Subdivisión geográfica United States
9 (RLIN) 5312
650 ## - PUNTO DE ACCESO ADICIONAL DE MATERIA--TÉRMINO DE MATERIA
Término de materia o nombre geográfico como elemento de entrada Latin America Economic conditions 1945-
9 (RLIN) 5313
650 #0 - PUNTO DE ACCESO ADICIONAL DE MATERIA--TÉRMINO DE MATERIA
Término de materia o nombre geográfico como elemento de entrada Corporate culture
9 (RLIN) 5314
650 #0 - PUNTO DE ACCESO ADICIONAL DE MATERIA--TÉRMINO DE MATERIA
Término de materia o nombre geográfico como elemento de entrada Economic history
9 (RLIN) 5315
650 #0 - PUNTO DE ACCESO ADICIONAL DE MATERIA--TÉRMINO DE MATERIA
Término de materia o nombre geográfico como elemento de entrada New business enterprises
9 (RLIN) 2621
650 ## - PUNTO DE ACCESO ADICIONAL DE MATERIA--TÉRMINO DE MATERIA
Término de materia o nombre geográfico como elemento de entrada Marketing
9 (RLIN) 1020
650 ## - PUNTO DE ACCESO ADICIONAL DE MATERIA--TÉRMINO DE MATERIA
Término de materia o nombre geográfico como elemento de entrada Latin America
9 (RLIN) 5317
650 ## - PUNTO DE ACCESO ADICIONAL DE MATERIA--TÉRMINO DE MATERIA
Término de materia o nombre geográfico como elemento de entrada
9 (RLIN) 2
650 #0 - PUNTO DE ACCESO ADICIONAL DE MATERIA--TÉRMINO DE MATERIA
Término de materia o nombre geográfico como elemento de entrada Economy
Subdivisión general History
9 (RLIN) 12408
700 ## - ENTRADA AGREGADA--NOMBRE PERSONAL
Nombre de persona Garita, Mauricio,
Término indicativo de función/relación Author
9 (RLIN) 20914
700 ## - ENTRADA AGREGADA--NOMBRE PERSONAL
Nombre de persona Spillan, John E.,
Término indicativo de función/relación Author
9 (RLIN) 20915
700 ## - ENTRADA AGREGADA--NOMBRE PERSONAL
Nombre de persona Virzi, Nicholas,
Término indicativo de función/relación Author
9 (RLIN) 20916
856 ## - LOCALIZACIÓN Y ACCESO ELECTRÓNICOS
Identificador Uniforme del Recurso <a href="https://books.google.es/books?id=S7FEAwAAQBAJ&printsec=frontcover&dq=doing+business+in+latin+america&hl=es&sa=X&ved=0ahUKEwj865fruofbAhXFPBQKHaCCCVsQ6AEIJzAA#v=onepage&q=doing%20business%20in%20latin%20america&f=false">https://books.google.es/books?id=S7FEAwAAQBAJ&printsec=frontcover&dq=doing+business+in+latin+america&hl=es&sa=X&ved=0ahUKEwj865fruofbAhXFPBQKHaCCCVsQ6AEIJzAA#v=onepage&q=doing%20business%20in%20latin%20america&f=false</a>
902 ## - ELEMENTOS DE DATOS B LOCAL, LDB (RLIN)
a 852
905 ## - ELEMENTOS DE DATOS E LOCAL, LDE (RLIN)
a m
912 ## -
-- 2014-01-01
942 ## - ELEMENTOS DE ENTRADA AGREGADA (KOHA)
Código de la institución [OBSOLETO] 1
953 ## -
-- 2018-05-15 12:01:05
Holdings
Estado de retiro Estado de pérdida Estado dañado No para préstamo Biblioteca de origen Biblioteca actual Ubicación en estantería Fecha de adquisición Total de préstamos Signatura topográfica completa Código de barras Fecha visto por última vez Precio válido a partir de Tipo de ítem Koha
        TBS Barcelona TBS Barcelona Libre acceso 28/06/2019   HC125 SPI B00612 13/03/2023 05/03/2023 Book

Powered by Koha